| 000 | 00719nam a2200253 a 4500 | ||
|---|---|---|---|
| 001 | 8305 | ||
| 003 | BD-RJUL | ||
| 005 | 20211208234548.0 | ||
| 008 | 180114s1972 enk b 001 0 eng u | ||
| 020 | _a0198512562 | ||
| 035 | _a(BD-RJUL)8350 | ||
| 040 |
_aDLC _cDLC _dm.c _dBD-RJUL _beng |
||
| 041 | _aeng | ||
| 082 |
_a530.11 _bMOT 1972 _223 |
||
| 100 | 1 | 0 |
_aMøller, C. _925897 |
| 245 | 1 | 4 |
_aThe theory of relativity / _cby C. Moller |
| 250 | _a2d ed. | ||
| 260 |
_aOxford : _bClarendon Press, _c1972 |
||
| 300 |
_axiii, 557 p. ; _c25 cm |
||
| 650 | 0 |
_aRelativity (Physics) _925898 |
|
| 830 | 0 |
_aInternational series of monographs on physics (Oxford, England) _9153862 |
|
| 942 |
_2ddc _cBK |
||
| 999 |
_c8305 _d8305 |
||